000 00951nam a22003017a 4500
001 5943
003 FISKH
005 20250210152101.0
008 250210b cb ||||| |||| 00| 0 eng d
020 _a9780340619339
040 _aFISKH
_beng
_cFISKH
_dFISKH
050 _aPZ7.D2193 B
082 _a823.914
100 _aDaniels, Lucy
_d(1958-)
245 _aBunnies in the bathroom /
_cLucy Daniels ; Illustrations By Shelagh McNicholas
250 _aThis edition first published in 1995
260 _aLondon :
_bA division of Hodder Headline;
_c1995.
300 _a153 pages :
_billustrations ;
_c20 cm
505 _aP
520 _aMandy and James try to find the new owner of two rabbits which John wants to buy.
521 8 _a610
_bLexile
521 8 _aP
_bRaz-Plus
650 _2Animals
_aRabbits
650 _2Veterinarian
_aChildren's
700 _aMcNicholas, Shelagh
_dillustrator
942 _2ddc
_cBK
_n0
999 _c5943
_d5943